[Event "Bayern-chTT (LL Nord)"]
[Site "Bayern 2008/09"]
[Date "2009.03.01"]
[Round "7.4"]
[White "Wutz, Christoph"]
[Black "Eibl, Maximilian"]
[Result "0-1"]
[WhiteElo "2132"]
[BlackElo "1992"]
[PlyCount "70"]
[EventDate "2009.03.??"]
[EventType "team-tourn"]
[EventRounds "9"]
[WhiteTeam "Neutraubling 1"]
[BlackTeam "Kelheim 1"]

1. e4 c5 2. Nf3 d6 3. d4 cxd4 4. Qxd4 Nc6 5. Bb5 Bd7 6. Bxc6 Bxc6 7. Nc3 Nf6 8.
Bg5 Qb6 9. Qxb6 axb6 10. Bxf6 gxf6 11. O-O-O Rg8 12. Rhg1 f5 13. Nd2 fxe4 14.
Ndxe4 Bxe4 15. Nxe4 Rxa2 16. Kb1 Ra5 17. Rd3 Bg7 18. Rg3 f5 19. Nd2 Kf7 20. Nc4
Ra4 21. Na3 Rga8 22. Rh3 b5 23. c3 b4 24. Nc2 bxc3 25. bxc3 R8a6 26. Rxh7 Rb6+
27. Kc1 Kg6 28. Rh3 Bh6+ 29. Rxh6+ Kxh6 30. Kd2 e5 31. Nb4 d5 32. Kd3 d4 33.
Nd5 Rd6 34. Ne7 Kg5 35. Rb1 e4+ 0-1

[Event "Bayern-chTT (LL Nord)"]
[Site "Bayern 2008/09"]
[Date "2009.03.01"]
[Round "7.5"]
[White "Kreuzer, Gerhard"]
[Black "Gegenfurtner, Juergen"]
[Result "1/2-1/2"]
[WhiteElo "2189"]
[BlackElo "2089"]
[PlyCount "81"]
[EventDate "2009.03.??"]
[EventType "team-tourn"]
[EventRounds "9"]
[WhiteTeam "Kelheim 1"]
[BlackTeam "Neutraubling 1"]

1. c4 Nf6 2. Nc3 c5 3. g3 e6 4. Bg2 Be7 5. e4 d6 6. Nge2 a6 7. O-O O-O 8. d4
cxd4 9. Nxd4 Qc7 10. Qe2 Bd7 11. Bd2 Rc8 12. b3 Nc6 13. Nxc6 Bxc6 14. Rac1 Qb8
15. Bf4 b5 16. Nd5 Bd8 17. Nxf6+ Bxf6 18. c5 e5 19. Be3 dxc5 20. Rxc5 Be7 21.
Rc2 Bd7 22. Rxc8+ Qxc8 23. Rc1 Qb7 24. Qb2 Bd6 25. Rd1 Bb8 26. Bh3 Be8 27. Rd8
Bc7 28. Rxa8 Qxa8 29. Qc3 Qb7 30. Qc5 Qc6 31. f3 Bd6 32. Qxc6 Bxc6 33. Bb6 Bb7
34. Kf2 Kf8 35. a4 Ke7 36. Ke3 Ba3 37. Kd3 Bb4 38. axb5 axb5 39. f4 f6 40. fxe5
fxe5 41. Bc7 1/2-1/2

[Event "Bayern-chTT (LL Nord)"]
[Site "Bayern 2008/09"]
[Date "2009.03.01"]
[Round "7.6"]
[White "Dietrich, Reinhard(70)"]
[Black "Frieser, Klaus"]
[Result "1-0"]
[WhiteElo "2006"]
[BlackElo "2107"]
[PlyCount "119"]
[EventDate "2009.03.??"]
[EventType "team-tourn"]
[EventRounds "9"]
[WhiteTeam "Neutraubling 1"]
[BlackTeam "Kelheim 1"]

1. e4 e5 2. Nf3 Nf6 3. Nxe5 d6 4. Nf3 Nxe4 5. Nc3 Nxc3 6. dxc3 Be7 7. Qd4 Bf6
8. Qf4 Nc6 9. Be3 Be6 10. O-O-O Qe7 11. Bb5 a6 12. Bxc6+ bxc6 13. g4 g5 14. Qa4
O-O 15. h4 Bd5 16. Rh3 Rfe8 17. hxg5 Bxf3 18. gxf6 Qxf6 19. Rd4 Bg2 20. Rf4 Qg6
21. Rh5 Re5 22. Rff5 f6 23. Rh6 Qg7 24. Rhxf6 Be4 25. Rf4 Rae8 26. b3 c5 27.
Kb2 a5 28. Qc4+ Bd5 29. Qf1 a4 30. c4 R5e6 31. g5 Bc6 32. Qh3 Re4 33. Qg3 Rxf4
34. Qxf4 Be4 35. Bd2 d5 36. cxd5 c4 37. Bc3 a3+ 38. Kxa3 Qe7+ 39. Kb2 cxb3 40.
axb3 Ra8 41. d6 cxd6 42. Qxd6 Qxd6 43. Rxd6 Kf7 44. Be5 Re8 45. f4 Re6 46. Rd4
Bf5 47. c4 h5 48. gxh6 Rxh6 49. Rd2 Ke7 50. b4 Rh1 51. Kb3 Rb1+ 52. Ka4 Bd7+
53. b5 Kd8 54. Ka5 Kc8 55. Kb6 Rb4 56. Rh2 Be6 57. c5 Bc4 58. Rh8+ Kd7 59. c6+
Ke7 60. Kc5 1-0

[Event "Bayern-chTT (LL Nord)"]
[Site "Bayern 2008/09"]
[Date "2009.03.01"]
[Round "7.7"]
[White "Maurer, Heinrich(46)"]
[Black "Maerz, Julian"]
[Result "1-0"]
[WhiteElo "2063"]
[BlackElo "2015"]
[PlyCount "89"]
[EventDate "2009.03.??"]
[EventType "team-tourn"]
[EventRounds "9"]
[WhiteTeam "Kelheim 1"]
[BlackTeam "Neutraubling 1"]

1. e4 c5 2. Nf3 Nc6 3. d4 cxd4 4. Nxd4 e6 5. Nb5 Bb4+ 6. c3 Bc5 7. Bf4 e5 8.
Bg3 Nf6 9. Bc4 O-O 10. Qf3 a6 11. N5a3 d6 12. Bh4 Qb6 13. Bxf6 gxf6 14. b4 Nxb4
15. cxb4 Qxb4+ 16. Nc3 Qxa3 17. O-O Be6 18. Bb3 Bd4 19. Qxf6 Bxc3 20. Rad1 Bg4
21. Rd3 Bh5 22. Rxc3 Qb4 23. Rg3+ Bg6 24. h4 Qxe4 25. h5 Qf4 26. Qxf4 exf4 27.
Rg4 Kg7 28. hxg6 fxg6 29. Rg5 Rac8 30. Rd1 Rf6 31. Rgd5 Rc6 32. Re1 Kf8 33. Rd4
Rc8 34. Rde4 Rc7 35. Re6 Rxe6 36. Rxe6 Kg7 37. Rxd6 Kh6 38. Rb6 f3 39. gxf3 Kg5
40. Bd5 Kf4 41. Bxb7 Rc1+ 42. Kg2 Rc5 43. Rb4+ Ke5 44. Bxa6 Ra5 45. Rb5+ 1-0

[Event "Bayern-chTT (LL Nord)"]
[Site "Bayern 2008/09"]
[Date "2009.03.01"]
[Round "7.8"]
[White "Werner, Holger(72)"]
[Black "Weigert, Wilhelm"]
[Result "1/2-1/2"]
[WhiteElo "1806"]
[BlackElo "1993"]
[PlyCount "155"]
[EventDate "2009.03.??"]
[EventType "team-tourn"]
[EventRounds "9"]
[WhiteTeam "Neutraubling 1"]
[BlackTeam "Kelheim 1"]

1. e4 d6 2. d4 Nf6 3. Nc3 g6 4. Nf3 Bg7 5. h3 O-O 6. Be3 c6 7. Bd3 b5 8. O-O
Bb7 9. Qd2 Qc7 10. Bh6 Nbd7 11. Bxg7 Kxg7 12. Rfe1 e5 13. a3 a6 14. Rad1 Rad8
15. Ne2 c5 16. dxc5 dxc5 17. Ng3 c4 18. Bf1 h6 19. Qc3 Nc5 20. Qxe5 Qxe5 21.
Nxe5 Ncxe4 22. Nxe4 Bxe4 23. c3 Rfe8 24. Rxd8 Rxd8 25. f3 Bb7 26. Kf2 Rd2+ 27.
Re2 Rd1 28. Ng4 Nxg4+ 29. hxg4 Kf6 30. Re8 g5 31. Be2 Rd2 32. Rb8 Bd5 33. Rb6+
Be6 34. Rxa6 Rxb2 35. a4 bxa4 36. Rxa4 Rc2 37. Ke3 Rxc3+ 38. Kd2 Rb3 39. Bxc4
Rb2+ 40. Ke3 Bxc4 41. Rxc4 Rxg2 42. Rc6+ Kg7 43. Ra6 Rc2 44. Rb6 Rc4 45. Kf2
Rf4 46. Kg3 Rf6 47. Rb5 Kg6 48. Ra5 h5 49. gxh5+ Kxh5 50. Rb5 Rf4 51. Ra5 Rd4
52. Ra8 Kg6 53. Ra3 f6 54. Rb3 Rd1 55. Ra3 Kh5 56. Rb3 f5 57. Rb2 f4+ 58. Kh3
Rg1 59. Rf2 Rg3+ 60. Kh2 Kh4 61. Rf1 Kh5 62. Rf2 Kg6 63. Rf1 Kf5 64. Rf2 Ke5
65. Re2+ Kd4 66. Re4+ Kd3 67. Re5 Kd2 68. Kh1 Rxf3 69. Rxg5 Ke2 70. Kg2 Re3 71.
Rf5 Rg3+ 72. Kh2 Kf3 73. Rf8 Rg2+ 74. Kh1 Re2 75. Kg1 Re1+ 76. Kh2 Ke3 77. Kg2
f3+ 78. Rxf3+ 1/2-1/2

[Event "Bayern-chTT (LL Nord)"]
[Site "Bayern 2008/09"]
[Date "2009.03.01"]
[Round "7.1"]
[White "Haba, Zdenek"]
[Black "Tran, Phat"]
[Result "1/2-1/2"]
[WhiteElo "2205"]
[BlackElo "2234"]
[PlyCount "60"]
[EventDate "2009.03.??"]
[EventType "team-tourn"]
[EventRounds "9"]
[WhiteTeam "Kulmbach 1"]
[BlackTeam "Nürnberg-NT 2"]

1. e4 c5 2. Nc3 g6 3. g3 Bg7 4. Bg2 e6 5. d3 Nc6 6. Be3 Nd4 7. Qd2 Qa5 8. f4
Ne7 9. Nf3 O-O 10. O-O d6 11. Nd5 Nxf3+ 12. Bxf3 Qd8 13. Nxe7+ Qxe7 14. d4 b6
15. Rfd1 Bb7 16. c3 Rfd8 17. Qf2 Rac8 18. a4 cxd4 19. cxd4 d5 20. e5 Ba6 21.
Qd2 Bf8 22. Rdc1 Bc4 23. Bd1 a5 24. Kf2 Qb7 25. b3 Bb4 26. Qb2 Bd3 27. Bd2 Qe7
28. Ke3 Ba6 29. Rxc8 Rxc8 30. Rc1 Rxc1 1/2-1/2

[Event "Bayern-chTT (LL Nord)"]
[Site "Bayern 2008/09"]
[Date "2009.03.01"]
[Round "7.2"]
[White "Sommer, Matthias(70)"]
[Black "Vedral, Oldrich"]
[Result "1-0"]
[WhiteElo "2141"]
[BlackElo "2239"]
[PlyCount "79"]
[EventDate "2009.03.??"]
[EventType "team-tourn"]
[EventRounds "9"]
[WhiteTeam "Nürnberg-NT 2"]
[BlackTeam "Kulmbach 1"]

1. d4 d5 2. c4 c6 3. Nf3 Nf6 4. Nc3 Bf5 5. e3 e6 6. Be2 h6 7. O-O Nbd7 8. b3
Bd6 9. Bb2 O-O 10. Bd3 Ne4 11. Qc2 Ndf6 12. Ne5 Nxc3 13. Bxf5 exf5 14. Bxc3 g6
15. Bb2 Qe7 16. a4 Rfe8 17. Rfe1 Rac8 18. Rac1 Qe6 19. Qd3 h5 20. Rc2 Ng4 21.
Nf3 f6 22. Rec1 Rcd8 23. Bc3 Qe4 24. Rd1 f4 25. h3 Nh6 26. exf4 Bxf4 27. cxd5
Qxd3 28. Rxd3 Rxd5 29. Bd2 Bxd2 30. Rdxd2 Nf5 31. Rc5 Red8 32. Rxd5 Rxd5 33.
Kf1 g5 34. g4 hxg4 35. hxg4 Nh6 36. Nh2 f5 37. f3 Kf7 38. Ke2 Ke6 39. Kd3 a5
40. Re2+ 1-0

[Event "Bayern-chTT (LL Nord)"]
[Site "Bayern 2008/09"]
[Date "2009.03.01"]
[Round "7.3"]
[White "Smid, Miroslav"]
[Black "Demburg, Dimitrij"]
[Result "1/2-1/2"]
[WhiteElo "2196"]
[BlackElo "2071"]
[PlyCount "69"]
[EventDate "2009.03.??"]
[EventType "team-tourn"]
[EventRounds "9"]
[WhiteTeam "Kulmbach 1"]
[BlackTeam "Nürnberg-NT 2"]

1. e4 e6 2. d4 d5 3. exd5 exd5 4. c4 Nf6 5. Nc3 Be7 6. Bd3 dxc4 7. Bxc4 O-O 8.
Nge2 Nbd7 9. O-O Nb6 10. Bb3 c6 11. Qd3 Bg4 12. f3 Bh5 13. Nf4 Qd7 14. Be3 Kh8
15. Rad1 Bg6 16. Nxg6+ fxg6 17. Ne4 Rae8 18. Bf2 Nbd5 19. Nc5 Qc8 20. Rfe1 Bd6
21. Rxe8 Rxe8 22. Re1 Rxe1+ 23. Bxe1 Nf4 24. Qd2 b6 25. Ne4 Bc7 26. Bg3 N6h5
27. Ng5 h6 28. Nf7+ Kh7 29. Ne5 Qf5 30. Qc2 Nxg3 31. hxg3 Qxc2 32. Bxc2 Ne2+
33. Kf2 Nxd4 34. Bxg6+ Kg8 35. Nd3 1/2-1/2

[Event "Bayern-chTT (LL Nord)"]
[Site "Bayern 2008/09"]
[Date "2009.03.01"]
[Round "7.4"]
[White "Wulfmeyer, Johannes"]
[Black "Rehak, Martin"]
[Result "1/2-1/2"]
[WhiteElo "2098"]
[BlackElo "2128"]
[PlyCount "20"]
[EventDate "2009.03.??"]
[EventType "team-tourn"]
[EventRounds "9"]
[WhiteTeam "Nürnberg-NT 2"]
[BlackTeam "Kulmbach 1"]

1. c4 c6 2. Nf3 e6 3. b3 d5 4. Bb2 Nf6 5. g3 Bd6 6. Bg2 O-O 7. O-O b6 8. d3 Bb7
9. Nbd2 Qe7 10. a3 e5 1/2-1/2

[Event "Bayern-chTT (LL Nord)"]
[Site "Bayern 2008/09"]
[Date "2009.03.01"]
[Round "7.5"]
[White "Janda, Pavel"]
[Black "Willim, Michael"]
[Result "0-1"]
[WhiteElo "2036"]
[BlackElo "2051"]
[PlyCount "68"]
[EventDate "2009.03.??"]
[EventType "team-tourn"]
[EventRounds "9"]
[WhiteTeam "Kulmbach 1"]
[BlackTeam "Nürnberg-NT 2"]

1. e4 e6 2. d4 d5 3. Nd2 Nf6 4. e5 Nfd7 5. f4 c5 6. c3 Nc6 7. Ndf3 Qb6 8. g3
cxd4 9. cxd4 Be7 10. Bh3 O-O 11. Ne2 f6 12. Bxe6+ Kh8 13. Bxd5 fxe5 14. Bxc6
Qxc6 15. O-O e4 16. d5 Qb6+ 17. Nfd4 Nf6 18. Kg2 Bg4 19. h3 Bxe2 20. Nxe2 Rfd8
21. Nc3 Bb4 22. Na4 Qa6 23. a3 Rxd5 24. Qc2 Bf8 25. Nc3 Qc6 26. Be3 Rd3 27. Qf2
Rad8 28. Rfe1 Bc5 29. Bxc5 Rd2 30. Re2 e3+ 31. Qf3 Qxc5 32. Qxb7 Rxe2+ 33. Nxe2
Rd2 34. Qf3 h5 0-1

[Event "Bayern-chTT (LL Nord)"]
[Site "Bayern 2008/09"]
[Date "2009.03.01"]
[Round "7.6"]
[White "Reiser, Wolfgang"]
[Black "Siegert, Wolfgang"]
[Result "1/2-1/2"]
[WhiteElo "2079"]
[BlackElo "1916"]
[PlyCount "38"]
[EventDate "2009.03.??"]
[EventType "team-tourn"]
[EventRounds "9"]
[WhiteTeam "Nürnberg-NT 2"]
[BlackTeam "Kulmbach 1"]

1. e4 g6 2. d4 Bg7 3. Nf3 d6 4. Nc3 Nf6 5. Be2 O-O 6. O-O Bg4 7. Be3 Nc6 8. d5
Nb8 9. Qd2 Nbd7 10. h3 Bxf3 11. Bxf3 c5 12. Bh6 Rb8 13. Bxg7 Kxg7 14. a4 Qa5
15. Rfe1 Qb4 16. b3 c4 17. Qd4 a6 18. Na2 Qc5 19. Rad1 cxb3 1/2-1/2

[Event "Bayern-chTT (LL Nord)"]
[Site "Bayern 2008/09"]
[Date "2009.03.01"]
[Round "7.7"]
[White "Fredrich, Viktor"]
[Black "Sargin, Anatol"]
[Result "1/2-1/2"]
[WhiteElo "1979"]
[BlackElo "2112"]
[PlyCount "118"]
[EventDate "2009.03.??"]
[EventType "team-tourn"]
[EventRounds "9"]
[WhiteTeam "Kulmbach 1"]
[BlackTeam "Nürnberg-NT 2"]

1. d4 e6 2. c4 d5 3. Nc3 f5 4. Nf3 Nf6 5. a3 c6 6. e3 Bd6 7. Be2 O-O 8. O-O Bd7
9. Qc2 Ne4 10. Ne5 Be8 11. f3 Nxc3 12. Qxc3 Bh5 13. Bd3 Nd7 14. Bd2 Qc7 15.
Nxd7 Qxd7 16. c5 Be7 17. b4 g5 18. Rae1 Bf6 19. f4 Kh8 20. Be2 Bxe2 21. Rxe2
Rg8 22. Kh1 Rg6 23. g3 Rag8 24. Qd3 Qg7 25. Bc3 h5 26. Rg2 h4 27. Rfg1 Qh7 28.
gxh4 gxf4 29. Rxg6 Rxg6 30. Rxg6 Qxg6 31. exf4 Qg4 32. Qg3 Kg7 33. Kg2 Kh6 34.
Qxg4 fxg4 35. h3 Kh5 36. hxg4+ Kxg4 37. h5 Kxf4 38. h6 Kg5 39. Bd2+ Kg6 40. Be3
e5 41. dxe5 Bxe5 42. Kf3 a6 43. Bd2 Bf6 44. Kg4 Be7 45. h7 Bf6 46. Bc1 Bc3 47.
Kf4 a5 48. bxa5 Bd4 49. Kg4 Kxh7 50. Kf5 Bxc5 51. Ke6 d4 52. Kd7 d3 53. a6 bxa6
54. Kxc6 Bxa3 55. Bd2 Bf8 56. Kb6 Kg6 57. Kxa6 Bh6 58. Kb5 Kg7 59. Kc4 Kf8
1/2-1/2

[Event "Bayern-chTT (LL Nord)"]
[Site "Bayern 2008/09"]
[Date "2009.03.01"]
[Round "7.8"]
[White "Pranschke, Gerd"]
[Black "Weiss, Frank(48)"]
[Result "1/2-1/2"]
[WhiteElo "2002"]
[BlackElo "1879"]
[PlyCount "159"]
[EventDate "2009.03.??"]
[EventType "team-tourn"]
[EventRounds "9"]
[WhiteTeam "Nürnberg-NT 2"]
[BlackTeam "Kulmbach 1"]

1. e4 e6 2. d4 d5 3. Nd2 h6 4. c3 c5 5. exd5 exd5 6. Bd3 Nf6 7. Ngf3 Bd6 8.
dxc5 Bxc5 9. O-O O-O 10. Nb3 Bb6 11. h3 Ne4 12. Nbd4 Nc6 13. Be3 Qf6 14. Re1
Re8 15. Qc2 Nd6 16. Rad1 Bd7 17. Qb3 Ne7 18. Nb5 Bxe3 19. Rxe3 Ndf5 20. Ree1
Rec8 21. Ne5 Be6 22. Qa3 Nc6 23. Nf3 Rd8 24. Bxf5 Qxf5 25. Kf1 Qf4 26. Nbd4
Nxd4 27. Rxd4 Qf6 28. Qb4 Rab8 29. Rf4 Qg6 30. Qd4 a6 31. Ne5 Qh7 32. Rf3 Rdc8
33. Rg3 Rc7 34. Ng4 Bxg4 35. Rxg4 Rd7 36. Qe5 Rf8 37. Rd1 Rfd8 38. a4 Rd6 39.
Rgd4 Qc2 40. Qe2 Qg6 41. a5 Qf6 42. Qd2 Qe5 43. Kg1 b5 44. axb6 Rxb6 45. b4 Rc6
46. c4 Rdc8 47. cxd5 Rd6 48. Qd3 Rcd8 49. Qc4 g6 50. Qc5 Kh7 51. R4d3 Qh5 52.
Qd4 Qf5 53. f4 Re8 54. Qc5 Red8 55. Qd4 Re8 56. g4 Qe4 57. Qxe4 Rxe4 58. Rd4
Re7 59. Kf2 Kg7 60. Kf3 Rb7 61. Rc4 Kf8 62. Ke4 Ke7 63. f5 g5 64. Ke5 f6+ 65.
Ke4 Kd7 66. Rdd4 Rb8 67. Kd3 Re8 68. Rc5 Re5 69. Kc4 Re3 70. b5 Rxh3 71. Rc6
axb5+ 72. Kxb5 Rb3+ 73. Kc4 Rb1 74. Rc5 Ra6 75. Kd3 Kd6 76. Rdc4 Rd1+ 77. Ke4
Re1+ 78. Kd4 Rd1+ 79. Ke4 Re1+ 80. Kd4 1/2-1/2

[Event "Bayern-chTT (LL Nord)"]
[Site "Bayern 2008/09"]
[Date "2009.03.01"]
[Round "7.1"]
[White "Koch, Moritz"]
[Black "Promyshlyanskiy, Vitaliy"]
[Result "1-0"]
[WhiteElo "2249"]
[BlackElo "2201"]
[PlyCount "65"]
[EventDate "2009.03.??"]
[EventType "team-tourn"]
[EventRounds "9"]
[WhiteTeam "Puschendorf 1"]
[BlackTeam "Erlangen-SC 1"]

1. e4 e5 2. Bc4 Nc6 3. Nf3 Nf6 4. d3 Bc5 5. c3 a6 6. Bb3 O-O 7. Bg5 h6 8. Bh4
d6 9. Nbd2 Be6 10. Nf1 g5 11. Bg3 d5 12. Qe2 dxe4 13. dxe4 Bxb3 14. axb3 Qe7
15. h4 g4 16. N3d2 Qe6 17. h5 Rad8 18. Ne3 Rd7 19. Nf5 Rfd8 20. Nf1 Kh7 21. Bh4
Ne7 22. b4 Bxb4 23. Bxf6 Qxf6 24. cxb4 Nxf5 25. exf5 Qb6 26. Qc4 Rd4 27. Qxf7+
Kh8 28. Ne3 g3 29. O-O gxf2+ 30. Rxf2 Rd3 31. Ng4 e4 32. Nf6 R3d7 33. Nxd7 1-0

[Event "Bayern-chTT (LL Nord)"]
[Site "Bayern 2008/09"]
[Date "2009.03.01"]
[Round "7.2"]
[White "Liepold, Stefan"]
[Black "Lauer, Moritz"]
[Result "1/2-1/2"]
[WhiteElo "2235"]
[BlackElo "2242"]
[PlyCount "106"]
[EventDate "2009.03.??"]
[EventType "team-tourn"]
[EventRounds "9"]
[WhiteTeam "Erlangen-SC 1"]
[BlackTeam "Puschendorf 1"]

1. e4 d5 2. exd5 Nf6 3. Bb5+ Bd7 4. Be2 Nxd5 5. d4 e6 6. Nf3 c5 7. c4 Nf6 8. d5
exd5 9. cxd5 Bd6 10. O-O O-O 11. Nc3 h6 12. h3 Na6 13. Nd2 Nc7 14. Nc4 Be8 15.
g3 Nb5 16. Nxd6 Nxc3 17. bxc3 Qxd6 18. c4 Bd7 19. Bf4 Qa6 20. g4 Rfe8 21. Bd3
b5 22. Rc1 b4 23. Qf3 Nh7 24. Bb1 Qf6 25. Qd3 Nf8 26. Be3 Rac8 27. Kg2 h5 28.
g5 Qe7 29. Rce1 Ng6 30. Kh2 Qd6+ 31. f4 Re7 32. Qd2 Nh4 33. Qf2 Nf5 34. Bxf5
Bxf5 35. Bd2 Bd3 36. Rxe7 Qxe7 37. Re1 Qd6 38. Rc1 Re8 39. Re1 Rxe1 40. Qxe1
Kf8 41. Qf2 Bxc4 42. Be3 Qxd5 43. Bxc5+ Kg8 44. Bxb4 Qe4 45. a3 Bd5 46. Kg3
Qd3+ 47. Kh4 Be6 48. Qg3 Qe4 49. Bc3 Qf5 50. Be5 a5 51. Qg2 a4 52. Qg3 Qc2 53.
Qc3 Qxc3 1/2-1/2

[Event "Bayern-chTT (LL Nord)"]
[Site "Bayern 2008/09"]
[Date "2009.03.01"]
[Round "7.3"]
[White "Lowitz, Torsten"]
[Black "Walter, Thomas(78)"]
[Result "1-0"]
[WhiteElo "2067"]
[BlackElo "2069"]
[PlyCount "61"]
[EventDate "2009.03.??"]
[EventType "team-tourn"]
[EventRounds "9"]
[WhiteTeam "Puschendorf 1"]
[BlackTeam "Erlangen-SC 1"]

1. e4 e6 2. d4 d5 3. Nd2 a6 4. Ngf3 c5 5. exd5 exd5 6. dxc5 Bxc5 7. Nb3 Ba7 8.
Bg5 Ne7 9. Be2 f6 10. Bf4 O-O 11. h4 Nbc6 12. Qd2 Bf5 13. Rd1 Rc8 14. c3 Be4
15. O-O Ng6 16. Bg3 Nge5 17. Nfd4 Nc4 18. Qc1 N6e5 19. Ne6 Qe7 20. Nxf8 Rxf8
21. Nd4 Rc8 22. Kh1 Bb8 23. Rfe1 f5 24. Nf3 Ng4 25. Bxc4 Bxg3 26. Bxd5+ Kh8 27.
fxg3 Qc5 28. Bxe4 fxe4 29. Nd4 Rf8 30. Rf1 e3 31. Ne6 1-0

[Event "Bayern-chTT (LL Nord)"]
[Site "Bayern 2008/09"]
[Date "2009.03.01"]
[Round "7.4"]
[White "Martin Fernandez, Rodrigo"]
[Black "Diekers, Michael"]
[Result "1/2-1/2"]
[WhiteElo "2085"]
[BlackElo "2105"]
[PlyCount "99"]
[EventDate "2009.03.??"]
[EventType "team-tourn"]
[EventRounds "9"]
[WhiteTeam "Erlangen-SC 1"]
[BlackTeam "Puschendorf 1"]

1. d4 d5 2. c4 c6 3. Nf3 Nf6 4. Qc2 g6 5. Bf4 Bf5 6. Qb3 Qb6 7. e3 Nbd7 8. Nc3
Bg7 9. Be2 O-O 10. O-O Bg4 11. h3 Bxf3 12. Bxf3 e6 13. Rfc1 Rfc8 14. Qxb6 Nxb6
15. c5 Nbd7 16. b4 a6 17. a4 Ne8 18. Be2 e5 19. dxe5 Nxe5 20. Rab1 Nc7 21. Bg3
Ne6 22. f4 Nd7 23. a5 f5 24. Na4 Re8 25. Re1 Nf6 26. Bh4 Nd7 27. g4 fxg4 28.
hxg4 Nef8 29. Bf3 Nf6 30. Nc3 Rab8 31. Rbc1 h6 32. Bg3 Rbd8 33. Bf2 Rd7 34.
Red1 Ne6 35. Ne2 Rde7 36. Ng3 Rd8 37. Kh2 Red7 38. Ne2 Kh7 39. Nd4 Nxd4 40.
exd4 Re8 41. Re1 Rde7 42. Rxe7 Rxe7 43. Kg2 Re8 44. Rc2 Kg8 45. Re2 Rxe2 46.
Bxe2 Ne4 47. Be3 Nc3 48. Bd3 Kf7 49. Kf3 Nb5 50. Bxb5 1/2-1/2

[Event "Bayern-chTT (LL Nord)"]
[Site "Bayern 2008/09"]
[Date "2009.03.01"]
[Round "7.5"]
[White "Kotz, Reinhard"]
[Black "Brumm, Carsten Dr"]
[Result "0-1"]
[WhiteElo "2075"]
[BlackElo "2150"]
[PlyCount "56"]
[EventDate "2009.03.??"]
[EventType "team-tourn"]
[EventRounds "9"]
[WhiteTeam "Puschendorf 1"]
[BlackTeam "Erlangen-SC 1"]

1. e4 c5 2. Nf3 Nc6 3. d4 cxd4 4. Nxd4 Nf6 5. Nc3 d6 6. Be2 e5 7. Nb3 Be7 8.
Bg5 O-O 9. Bxf6 Bxf6 10. Nd5 Be6 11. Nxf6+ Qxf6 12. Qxd6 Rfd8 13. Qa3 Bxb3 14.
axb3 Nd4 15. Bd3 a6 16. O-O Rac8 17. Qb4 b5 18. Qa5 Rd6 19. f3 Qg5 20. Rf2 h5
21. Kh1 Nxb3 22. cxb3 Rxd3 23. Raf1 Rc1 24. Qxa6 Rxb3 25. Qa8+ Kh7 26. Qa2 Qe3
27. h3 Qxf2 28. Rxc1 Rxb2 0-1

[Event "Bayern-chTT (LL Nord)"]
[Site "Bayern 2008/09"]
[Date "2009.03.01"]
[Round "7.6"]
[White "Klek, Hanna-Marie"]
[Black "Seregelyes, Csaba"]
[Result "0-1"]
[WhiteElo "1827"]
[BlackElo "2056"]
[PlyCount "114"]
[EventDate "2009.03.??"]
[EventType "team-tourn"]
[EventRounds "9"]
[WhiteTeam "Erlangen-SC 1"]
[BlackTeam "Puschendorf 1"]

1. e4 e5 2. Nf3 Nf6 3. Nxe5 d6 4. Nf3 Nxe4 5. Nc3 Nxc3 6. dxc3 Be7 7. Be3 Bg4
8. h3 Bh5 9. Bd3 Nc6 10. g4 Bg6 11. Qe2 Bxd3 12. Qxd3 Qd7 13. O-O-O O-O-O 14.
Bd4 f6 15. Qc4 d5 16. Qd3 Bd6 17. Nh4 Nxd4 18. cxd4 g6 19. Kb1 Rhf8 20. Rhf1 f5
21. f3 Rde8 22. Ng2 Re7 23. Qd2 Rfe8 24. Rfe1 Bg3 25. Rxe7 Qxe7 26. Nf4 Qg5 27.
Ng2 Qe7 28. Nf4 c6 29. Nd3 Qe2 30. Qxe2 Rxe2 31. Rh1 h5 32. a3 h4 33. Kc1 Kc7
34. Kd1 Rg2 35. Kc1 Kd6 36. Kb1 a5 37. a4 b6 38. Kc1 c5 39. dxc5+ bxc5 40. b3
c4 41. bxc4 dxc4 42. Nb2 Kc5 43. Nd1 Kb4 44. Kb2 Re2 45. Kb1 f4 46. Kc1 Be1 47.
Kb2 Bd2 48. Kb1 Kxa4 49. Kb2 Kb4 50. Kb1 a4 51. Kb2 a3+ 52. Ka2 Bc3 53. Kb1 a2+
54. Kxa2 Rxc2+ 55. Kb1 Re2 56. Kc1 Bd4 57. Kb1 Kb3 0-1

[Event "Bayern-chTT (LL Nord)"]
[Site "Bayern 2008/09"]
[Date "2009.03.01"]
[Round "7.7"]
[White "Sarec, Ivica"]
[Black "Goetz, Andreas(66)"]
[Result "1/2-1/2"]
[WhiteElo "2016"]
[BlackElo "2066"]
[PlyCount "83"]
[EventDate "2009.03.??"]
[EventType "team-tourn"]
[EventRounds "9"]
[WhiteTeam "Puschendorf 1"]
[BlackTeam "Erlangen-SC 1"]

1. c4 Nf6 2. Nf3 e6 3. g3 b6 4. Bg2 Bb7 5. O-O Be7 6. d4 O-O 7. Nc3 Ne4 8. Bd2
Nxc3 9. Bxc3 Bf6 10. Rc1 Be4 11. d5 Na6 12. Nd2 Bxg2 13. Kxg2 Re8 14. Ne4 Bxc3
15. Nxc3 exd5 16. cxd5 Qf6 17. Qd2 c6 18. f3 Qd6 19. Rfd1 Rac8 20. e4 Qb4 21.
Rc2 Kf8 22. Qf2 cxd5 23. Rxd5 Red8 24. Rcd2 Qe7 25. Qd4 Nc5 26. e5 Rc6 27. Rd6
Rxd6 28. exd6 Qf6 29. Qxf6 gxf6 30. Nd5 Kg7 31. Ne7 Kf8 32. Rd4 Nb7 33. Nf5 Rc8
34. Rh4 Rc2+ 35. Kh3 Kg8 36. Rg4+ Kf8 37. Rh4 Kg8 38. Ra4 a5 39. Rg4+ Kf8 40.
Rh4 Kg8 41. Rg4+ Kf8 42. Rh4 1/2-1/2

[Event "Bayern-chTT (LL Nord)"]
[Site "Bayern 2008/09"]
[Date "2009.03.01"]
[Round "7.8"]
[White "Petzold, Vinzenz"]
[Black "Steinmueller, Alexander"]
[Result "1/2-1/2"]
[WhiteElo "2016"]
[BlackElo "2002"]
[PlyCount "42"]
[EventDate "2009.03.??"]
[EventType "team-tourn"]
[EventRounds "9"]
[WhiteTeam "Erlangen-SC 1"]
[BlackTeam "Puschendorf 1"]

1. d4 d6 2. c4 e5 3. dxe5 dxe5 4. Qxd8+ Kxd8 5. Nf3 f6 6. e3 c6 7. Be2 Na6 8.
O-O Bf5 9. Nc3 Kc7 10. Rd1 Bc2 11. Rd2 Bg6 12. b3 Nh6 13. Bb2 Be7 14. Rad1 Rhd8
15. h3 Rxd2 16. Rxd2 Bb4 17. Nh4 Bf7 18. Rd1 g5 19. Nf3 Bg6 20. Na4 Nf7 21. Ne1
Be7 1/2-1/2

[Event "Bayern-chTT (LL Nord)"]
[Site "Bayern 2008/09"]
[Date "2009.03.01"]
[Round "7.1"]
[White "Priborsky, Ivo"]
[Black "Golda, Harald"]
[Result "0-1"]
[WhiteElo "2263"]
[BlackElo "2298"]
[PlyCount "66"]
[EventDate "2009.03.??"]
[EventType "team-tourn"]
[EventRounds "9"]
[WhiteTeam "Kötzting 1"]
[BlackTeam "Schweinfurt 1"]

1. e4 c5 2. Nf3 d6 3. Bb5+ Bd7 4. Bxd7+ Nxd7 5. O-O Ngf6 6. Re1 e6 7. b3 Be7 8.
Bb2 O-O 9. d4 cxd4 10. Nxd4 a6 11. c4 Qc7 12. Nc3 b6 13. Re3 Rfd8 14. Qe2 Bf8
15. Rd1 Rac8 16. Rg3 Qb7 17. f4 Rc5 18. Ba3 Rcc8 19. Bb2 Rc5 20. Kh1 Nh5 21.
Rf3 g6 22. Nc2 Rcc8 23. g3 Nhf6 24. Kg1 b5 25. cxb5 axb5 26. e5 dxe5 27. fxe5
Bc5+ 28. Kg2 Ng4 29. Qxb5 Qxb5 30. Nxb5 Ndxe5 31. Rxd8+ Rxd8 32. Bxe5 Rd2+ 33.
Kh3 f5 0-1

[Event "Bayern-chTT (LL Nord)"]
[Site "Bayern 2008/09"]
[Date "2009.03.01"]
[Round "7.2"]
[White "Effmert, Thomas"]
[Black "Muehlbauer, Andreas(80)"]
[Result "1-0"]
[WhiteElo "2263"]
[BlackElo "2110"]
[PlyCount "51"]
[EventDate "2009.03.??"]
[EventType "team-tourn"]
[EventRounds "9"]
[WhiteTeam "Schweinfurt 1"]
[BlackTeam "Kötzting 1"]

1. e4 c5 2. f4 Nc6 3. Nf3 a6 4. a4 d6 5. h3 e6 6. c3 Nf6 7. d3 Be7 8. Be2 Nh5
9. O-O Ng3 10. Rf2 d5 11. Nbd2 c4 12. exd5 cxd3 13. dxc6 Nxe2+ 14. Kh2 Bc5 15.
Rf1 Be3 16. g3 Nxf4 17. Ne5 Ne2 18. Nxf7 Qc7 19. Ne4 Bg1+ 20. Kg2 O-O 21. Nh6+
gxh6 22. Rxf8+ Kxf8 23. Bxh6+ Kg8 24. Qxd3 e5 25. Nf6+ Kh8 26. Bg7+ 1-0